|
|
|
|
| LEADER |
00728cam a2200205 7i4500 |
| 001 |
0000024469 |
| 005 |
20170218090000.0 |
| 008 |
080925 eng |
| 020 |
|
|
|a 9780735623989
|
| 020 |
|
|
|a 0735623988
|
| 050 |
0 |
0 |
|a QA76.76.P37 WIT 2007
|
| 090 |
0 |
0 |
|a QA76.76.P37
|b W58 2007
|
| 100 |
1 |
|
|a Withall, Stephen
|
| 245 |
1 |
0 |
|a Software requirement patterns
|c Stephen Withall.
|
| 260 |
|
|
|a Redmond , Washington:
|b Microsoft Press,
|c 2007.
|
| 300 |
|
|
|a xvi, 366 p.:
|b ill.;
|c 23 cm.
|
| 500 |
|
|
|a Includes bibliographical refrences and index
|
| 650 |
0 |
0 |
|a Software patterns
|
| 997 |
|
|
|a Communication, Visual Art & Computing, Faculty
|b Computing, Department
|
| 999 |
|
|
|a 0000031875
|b BOK
|c OPEN SHELF
|e 2nd Floor, Bestari Jaya
|